000
00198 a2200097 4500
020
_a
9781338038439
041
_a
spa
100
_a
Troy Cummings
245
_a
El cuaderno de la perdicion
942
_c
BK
999
_c
29123
_d
29121